000 00604nam a2200205 a 4500
005 20140310183342.0
008 070124s19uu xx 00 eng d
020 _a4889961224
050 _aNC 825
_b.K97 2003
100 _aKusano, You
245 _aSuper character design & poses /
_cYou Kusano
260 _aTokyo, Japan :
_bMPC Publishing Co, Ltd,
_c2003.
300 _a119 p. :
_bill. ;
_c23 cm.
521 _aMA
650 _aCartooning
_xTechnique.
650 _aComic books, strips, etc
_xTechnique.
650 _aHeroes
_xCaricatures and cartoons.
942 _cBK
_2lcc
_kFOR
999 _c21841
_d21841